Les 12 coups de midi | Coup fatal #11 - Statistiques

Statistiques générales
  • Ce quiz a été pris 329 fois
  • Le résultat moyen est 8 sur 20
Statistiques - réponses
Questions Réponses % Correct
Quel contraire de beau est l'anagramme de "chôme" ? moche
92%
Quelle est la capitale de l'Autriche ? Vienne
90%
Quand on a un destin heureux, on dit qu'on est né sous une bonne... étoile
87%
De quel doigt de la main le Petit Poucet tient-il son nom ? pouce
87%
En quel animal sont traditionnellement représentées les tirelires ? cochon
85%
Par définition, que ne possède pas une personne imberbe ? barbe
82%
Une personne qui subit les moqueries des autres est un souffre-... douleur
77%
D'après l'expression, quel poisson aurait bouché le port de Marseille ? sardine
40%
Quelle unité est utilisée aux Etats-Unis pour l'essence dans les stations-services ? gallon
38%
Quelle gauloise du village d'Astérix est la fille de Plantaquatix ? Falbala
31%
En 1964, quelle ville sicilienne Henri Salvador aimerait-il revoir ? Syracuse
22%
Dans quelle partie du corps se trouve l'os sphénoïde ? crâne
11%
Qui interprète la Bête dans "La Belle et la Bête" de Jean Cocteau ? Jean Marais
10%
Dans quel jeu de cartes à collectionner le Lotus noir est-il la carte emblématique ? Magic
9%
Quelle troupe d'humoristes était composée notamment de John Cleese et Terry Gilliam ? Monty Python
7%
Sous l'Ancien Régime, qu'appelait-on la Paulette ? impôt
5%
Quel acteur est enchaîné à Gérard Lanvin dans "Les Spécialistes" ? Bernard Giraudeau
3%
A quel auteur du XVIe siècle doit-on l'oeuvre poétique intitulée "Les Tragiques" ? Agrippa d'Aubigné
1%
Quel film d'aventure réunit en 1984 Kathleen Turner et Michael Douglas ? A la poursuite du diamant vert
1%
A quel écrivain doit-on le roman "Lord Jim" ? Joseph Conrad
0%
Aucun quiz correspondant
Distribution des résultats
% des personnes avec chaque résultat
Percentile par nombre de réponses
Votre historique - résultats
Vous n’avez pas pris ce quiz